| 000 | 01263cam a2200253 4500 | ||
|---|---|---|---|
| 001 | ABS63192 | ||
| 008 | 000000n2000 000 0 eng u | ||
| 035 | _a(Sirsi) u109467 | ||
| 100 | _aVivian, J | ||
| 245 | 2 | _aA renewed look at leases | |
| 260 | _c2000 | ||
| 490 |
_aProperty Week _v65(44) 10 November 2000, 88-89(2) |
||
| 520 | _aIn the final part of a series questioning the future of the Landlord and Tenant Act 1954, the authors consider the issues posed by the end of a lease for both parties in business tenancies. Argues that landlords are adversely affected by the provisions of the 1954 Act: the system for interim rents is costly and inefficient, and they face difficulties trying to include new commercial terms in lease renewals. From the tenant's perspective, the Act provides significant protection from unnecessary business disruption and high demands on lease renewal, although some believe there is still room for reform in certain areas. Case law. | ||
| 590 | _aABS | ||
| 650 | _aINTERIM RENTS | ||
| 650 | _aLEASE RENEWAL | ||
| 650 | _aLEASES | ||
| 650 | _aLANDLORD AND TENANT ACT 1954 | ||
| 650 | _aTENANT | ||
| 650 | _aLANDLORD | ||
| 690 | _aLANDLORD AND TENANT-BUSINESS TENANCIES | ||
| 700 | _aWhite, G | ||
| 942 | _n0 | ||
| 999 |
_c65351 _d65351 |
||